Statistiques concernant Albert célèbres

Cliquez ici pour prendre le quiz!

Statistiques générales

  • Ce quiz a été pris 65 fois
  • Le résultat moyen est 6 sur 10

Statistiques - réponses

DescriptionRéponse% Correct
E=mc²Einstein
100%
Actuel prince souverain de Monaco.II de Monaco
95%
Auteur de l'Étranger, Le Mythe de Sisyphe, ou encore La Peste. Prix Nobel de Littérature en 1957.Camus
94%
L'un des deux parents d'Asterix.Uderzo
78%
Réalisateur français obtenant pas moins de 7 Césars pour ses films 9 Mois ferme, Au revoir là-haut et Adieu les cons.Dupontel
69%
15ème Président de la République Française, de 1932 à 1940.Lebrun
56%
Journaliste français d'investigation donnant son nom à un prix récompensant les grands reporters. Célèbre commentateur du Tour de France.Londres
41%
Écrivain suisse auteur de Belle du Seigneur.Cohen
27%
Chimiste suisse ayant découvert le LSD.Hofmann
8%
Président du conseil des ministres en 1877 et membre de l'Académie française. Appartient à une famille noble française comprenant trois maréchaux de France, un prix Nobel de physique ou encore cinq académiciens.de Broglie
6%

Distribution des résultats

Percentile par nombre de réponses

% des personnes avec chaque résultat

Votre développement - résultats

Vous n’avez pas pris ce quiz